| 000 | 00417nam a2200133Ia 4500 | ||
|---|---|---|---|
| 008 | 220204s9999 xx 000 0 und d | ||
| 082 |
_a631.43(035) _bWAL |
||
| 245 | 0 | _aHandbook of soil conditioners: Substances that enhance the physical properties of soil | |
| 260 |
_aNew York _bMarcel Dekker _c1998 |
||
| 650 | _aPolymer soil conditioners | ||
| 700 | _aTerry, Richard E | ||
| 700 | _aWallace, Arthur | ||
| 942 | _cBK | ||
| 999 |
_c41484 _d41484 |
||